Einführung in die Allgemeine Betriebswirtschaftslehre /

Guardado en:
Detalles Bibliográficos
Autores principales: Wöhe, Günter (Autor), Döring, Ulrich (Autor)
Formato: Libro
Lenguaje:alemán
Publicado: München : Verlag Franz Vahlen, 1993
Edición:18.Aufl.
Materias:
Etiquetas: Agregar Etiqueta
Sin Etiquetas, Sea el primero en etiquetar este registro!

MARC

LEADER 00000nam a22000003a 4500
001 stu44396
005 20150617225718.6
008 950320s1993----gw------------------ger-d
020 |a 3-8006-1728-5 
040 |a STU  |b slo 
041 0 |a ger 
044 |a gw 
080 |a 658 
100 1 |a Wöhe, Günter  |4 aut 
245 1 |a Einführung in die Allgemeine Betriebswirtschaftslehre /  |c [aut.]Günter Wöhe, Ulrich Döring 
250 |a 18.Aufl. 
260 |a München :  |b Verlag Franz Vahlen,  |c 1993 
300 |a 1442 s 
650 7 |a hospodárstvo podnikové  |2 stusub 
700 1 |a Döring, Ulrich  |4 aut 
996 |b 284M025651  |c M*8938-1  |l MMKN  |s A  |a 24  |w stu44396_0001